Big Countries - Statistics

General Stats
  • This quiz has been taken 6 times
  • The average score is 9 of 12
Answer Stats
Answer % Correct
Canada
100%
Australia
83%
Brazil
83%
China
83%
Russia
83%
United States Of America
83%
India
67%
Indonesia
67%
Iran
67%
Saudi Arabia
67%
Kazakhstan
50%
Mexico
50%
No matching quizzes found
Score Distribution
Percent of People with Each Score
Percentile by Number Answered
Your Score History
You have not taken this quiz